1065 1715 1358 1715 1438 1545 1916 1250 1858 1810 1154 1415 1185 1196 1346 1850 1167 1687 1659 1964 1503 1010 1832 1905 1171 1230 1398 1678 1387 1267 1843 1146 1681 1535 1234 1436 1006 1154 1708 1529 1774 1204 1404 1754 1757 1525 1137 1609 1504 1157 1643 1474 1040 1489 1689 1628 1776 1634 1715 1972 1409 1070 1168 1364 1825 1409 1115 1117 1512 1905 1624 1663 1365 1580 1685 1550 1048 1639 1300 1888 1524 1593 1180 1796 1317 1894 1232 1341 1854 1677 1472 1631 1848 1738 1272 1273 1923 1436 1577 BCNSPRNW ULIB Ver.6.0+V

เปลี่ยนเป็นภาษาไทย

Change to English
 แสดงรายละเอียดบรรณานุกรม
  กลับหน้าหลัก

Brief Record : Get Marc (ISO 2709) : E-mail record : QR code < ปิดหน้าต่าง
LEADER : 00000nam 2200000uu 4500
001    13399123149
003     ULIB
008    140403s2545||||th 000 0 tha d
020    ^a9789740427919
050    ^a BQ......^bห338จ
100    ^aหลี่ หงจื้อ
245    ^aจ้วนฝ่าหลุน ^cหลี่ หงจื้อ
250    ^aพิมพ์ครั้งที่ 4
260    ^aกรุงเทพฯ :^bศรีบูรณ์คอมพิวเตอร์-การพิมพ์,^c2545
300    ^a415 หน้า;^b8.5 ซม.
650    ^aธรรมะในชีวิตประจำวัน^xจ้วนฝ่าหลุน
945    ^p180^l0^i034412
999    ^aเกษร โพธิ์สุวรรณ
รายการนี้ยังไม่มีแท็ก
คุณยังไม่ได้ล็อกอิน คุณสามารถมีกิจกรรมร่วมกับเว็บไซต์ได้ แต่ต้องล็อกอินก่อน ::
  ล็อกอิน

รายการสื่อสารสนเทศ

ลำดับที่ ประเภท เลขเรียก/บาร์โค้ด สถานที่ สถานะ
1. การศึกษาทั่วไป
การศึกษาทั่วไป
BQ...... ห338จ ฉ.1 
  Barcode: 034412
ห้องสมุดวิทยาเขตสวรรค์ประชารักษ์
►หนังสือทั่วไป
บนชั้น

BibComment


ยังไม่เคยถูกคอมเมนท์

คอมเมนท์ทรัพยากรรายการนี้
  คอมเมนท์: จ้วนฝ่าหลุน หลี..


 Copyright 2026. Bcnsprnw @Library